[Event "MVP-ch Seniors op 19th"]
[Site "Ostseebad Binz"]
[Date "2019.12.01"]
[Round "5"]
[White "Girod, Gudrun"]
[Black "Schwandowski, Udo"]
[Result "1/2-1/2"]
[WhiteElo "1503"]
[BlackElo "1654"]
[PlyCount "22"]
[EventDate "2019.11.27"]
[EventType "swiss"]
[EventRounds "9"]
[EventCountry "GER"]
[SourceTitle "EXT 2021"]
[Source "ChessBase"]
[SourceDate "2020.10.23"]
[SourceVersion "1"]
[SourceVersionDate "2020.10.23"]
[SourceQuality "1"]

1. d4 Nf6 2. Bf4 c6 3. Bxb8 Rxb8 4. e3 g6 5. Nf3 Qb6 6. b3 e6 7. Nbd2 Bb4 8. Be2 Ne4 9. 0-0 Qa5 10. Nxe4 d5 11. Ned2 Bc3 1/2-1/2

[Event "MVP-ch Seniors op 18th"]
[Site "Ostseebad Binz"]
[Date "2018.11.29"]
[Round "2"]
[White "Grueneschild, Hildegard"]
[Black "Schwandowski, Udo"]
[Result "0-1"]
[WhiteElo "1364"]
[BlackElo "1681"]
[PlyCount "138"]
[EventDate "2018.11.28"]
[EventType "swiss"]
[EventRounds "9"]
[EventCountry "GER"]
[SourceTitle "CBM 188 Extra"]
[Source "ChessBase"]
[SourceDate "2019.02.26"]
[SourceVersion "1"]
[SourceVersionDate "2019.02.26"]
[SourceQuality "1"]

1. c4 e5 2. Nc3 Nf6 3. d3 Bb4 4. Bd2 0-0 5. Nf3 Re8 6. g3 b6 7. Bg2 Bb7 8. 0-0 c6 9. e4 Na6 10. Re1 Nc5 11. a3 Bxc3 12. Bxc3 d6 13. b4 Ne6 14. Qd2 Rc8 15. h3 h6 16. Rad1 c5 17. b5 Re7 18. Nh4 Nd4 19. Bxd4 cxd4 20. Nf5 Rec7 21. Kh2 Ra8 22. Qb4 Rc5 23. Rb1 Bc8 24. g4 Kh7 25. Ng3 g6 26. Qd2 Ne8 27. f4 Rb8 28. Rf1 Kg7 29. f5 g5 30. Nh5+ Kh7 31. f6 Kg6 32. Ng3 Be6 33. Qf2 Nxf6 34. Nf5 Bxf5 35. Qxf5+ Kg7 36. Qf2 Rb7 37. h4 Nxg4+ 38. Kg3 Nxf2 39. Rxf2 f6 40. Rbf1 Rf7 41. Rf5 Rcc7 42. Bh3 Kg6 43. h5+ Kg7 44. Bg4 Qa8 45. R5f2 a6 46. Be6 Rf8 47. Bd5 Qa7 48. Kg4 axb5 49. Ra1 bxc4 50. Bxc4 Qa5 51. Rfa2 b5 52. Bd5 Rc3 53. Rd1 Rxa3 54. Rdd2 Rxa2 55. Rxa2 Qd8 56. Ra7+ Kh8 57. Be6 Re8 58. Bf5 Re7 59. Ra1 Qb6 60. Rc1 Rc7 61. Rf1 Kg7 62. Bg6 Rc3 63. Rf3 b4 64. Kf5 Qa6 65. Ke6 b3 66. Rxf6 Qc8+ 67. Kd5 Rc5+ 68. Kxd6 Kxf6 69. Bf5 Qc6# 0-1

[Event "MVP-ch Seniors op 17th"]
[Site "Binz"]
[Date "2017.12.07"]
[Round "9.37"]
[White "Schwandowski, Udo"]
[Black "Willin, Bernhard"]
[Result "0-1"]
[WhiteElo "1721"]
[BlackElo "1942"]
[PlyCount "96"]
[EventDate "2017.11.29"]
[EventType "swiss"]
[EventRounds "9"]
[EventCountry "GER"]
[SourceTitle "EXT 2019"]
[Source "ChessBase"]
[SourceDate "2018.10.10"]
[SourceVersion "1"]
[SourceVersionDate "2018.10.10"]
[SourceQuality "1"]

1. d4 Nf6 2. c4 e6 3. Nc3 b6 4. e4 Bb4 5. Bd3 Bb7 6. Qc2 c5 7. a3 Bxc3+ 8. bxc3 Nc6 9. Ne2 d6 10. d5 Ne5 11. 0-0 0-0 12. h3 Ba6 13. f4 Nxd3 14. Qxd3 exd5 15. exd5 Qd7 16. f5 Qa4 17. Rf4 Rfe8 18. Ra2 Re5 19. Qc2 Qd7 20. g4 Rae8 21. Ng3 h6 22. a4 Qe7 23. Bd2 Ne4 24. Nxe4 Rxe4 25. Rxe4 Qxe4 26. Qxe4 Rxe4 27. Kf2 Bxc4 28. Kf3 Re2 29. Rb2 f6 30. h4 Kf7 31. h5 Ke7 32. a5 b5 33. Bc1 Rxb2 34. Bxb2 Bxd5+ 35. Kf4 Kd7 36. Ke3 Kc6 37. g5 hxg5 38. h6 gxh6 39. c4 Bxc4 40. Bxf6 b4 41. Bg7 h5 42. Bf6 g4 43. Kf4 Bf7 44. Ke3 a6 45. Bh4 Kb5 46. Be7 d5 47. Bd8 b3 48. Kd3 g3 0-1

[Event "MVP-ch Seniors op 16th"]
[Site "Binz"]
[Date "2016.11.29"]
[Round "7.79"]
[White "Schwandowski, Udo"]
[Black "Baumast, Bernd"]
[Result "1/2-1/2"]
[WhiteElo "1713"]
[BlackElo "1536"]
[PlyCount "41"]
[EventDate "2016.11.23"]
[EventType "swiss"]
[EventRounds "9"]
[EventCountry "GER"]
[SourceTitle "EXT 2018"]
[Source "ChessBase"]
[SourceDate "2017.10.13"]
[SourceVersion "1"]
[SourceVersionDate "2017.10.13"]
[SourceQuality "1"]

1. d4 g6 2. Nf3 e6 3. Bf4 Bg7 4. Na3 c6 5. Nc4 Bf8 6. e4 d5 7. exd5 cxd5 8. Nce5 f6 9. Nd3 Bd6 10. Bd2 Nc6 11. Be2 Nge7 12. a3 0-0 13. 0-0 Nf5 14. c3 Qc7 15. Qc1 e5 16. dxe5 fxe5 17. Ng5 e4 18. Nf4 Nfd4 19. cxd4 Bxf4 20. Bxf4 Qxf4 21. g3 1/2-1/2

[Event "MVP-ch Seniors op 16th"]
[Site "Binz"]
[Date "2016.11.26"]
[Round "4.78"]
[White "Girod, Gudrun"]
[Black "Schwandowski, Udo"]
[Result "0-1"]
[WhiteElo "1482"]
[BlackElo "1713"]
[PlyCount "52"]
[EventDate "2016.11.23"]
[EventType "swiss"]
[EventRounds "9"]
[EventCountry "GER"]
[SourceTitle "EXT 2018"]
[Source "ChessBase"]
[SourceDate "2017.10.13"]
[SourceVersion "1"]
[SourceVersionDate "2017.10.13"]
[SourceQuality "1"]

1. d4 d5 2. Bf4 Nf6 3. h3 e6 4. e3 c5 5. Bxb8 Rxb8 6. Nf3 Qb6 7. b3 cxd4 8. exd4 Bb4+ 9. Nbd2 Qa5 10. Be2 Ne4 11. Qc1 Nxd2 12. Nxd2 Bd7 13. a3 Bc3 14. Rb1 Bxd4 15. 0-0 Qc7 16. c4 dxc4 17. bxc4 0-0 18. Nf3 Bf6 19. Qe3 b6 20. Rfc1 h6 21. c5 bxc5 22. Rxb8 Rxb8 23. Qxc5 Qxc5 24. Rxc5 Rc8 25. Ra5 Rc7 26. Bb5 Bc3 0-1

[Event "MVP-ch Seniors op 16th"]
[Site "Binz"]
[Date "2016.11.24"]
[Round "2.54"]
[White "Schwandowski, Udo"]
[Black "Kuehn, Peter1111"]
[Result "1/2-1/2"]
[WhiteElo "1713"]
[BlackElo "1977"]
[PlyCount "48"]
[EventDate "2016.11.23"]
[EventType "swiss"]
[EventRounds "9"]
[EventCountry "GER"]
[SourceTitle "EXT 2018"]
[Source "ChessBase"]
[SourceDate "2017.10.13"]
[SourceVersion "1"]
[SourceVersionDate "2017.10.13"]
[SourceQuality "1"]

1. d4 Nf6 2. c4 g6 3. Nc3 Bg7 4. e4 d6 5. f4 0-0 6. Nf3 c5 7. dxc5 dxc5 8. Qxd8 Rxd8 9. Be2 e6 10. 0-0 Nc6 11. e5 Ne8 12. Be3 b6 13. a3 Bb7 14. Rad1 Ne7 15. Rxd8 Rxd8 16. Rd1 Rxd1+ 17. Nxd1 Nf5 18. Bf2 Bf8 19. g4 Nfg7 20. h3 Be7 21. Kh2 h5 22. g5 Nf5 23. Nc3 Kf8 24. Nd2 Nc7 1/2-1/2

[Event "MVP-ch Seniors op 16th"]
[Site "Binz"]
[Date "2016.11.23"]
[Round "1.45"]
[White "Goertz, Hans Georg"]
[Black "Schwandowski, Udo"]
[Result "1-0"]
[WhiteElo "1981"]
[BlackElo "1713"]
[PlyCount "45"]
[EventDate "2016.11.23"]
[EventType "swiss"]
[EventRounds "9"]
[EventCountry "GER"]
[SourceTitle "EXT 2018"]
[Source "ChessBase"]
[SourceDate "2017.10.13"]
[SourceVersion "1"]
[SourceVersionDate "2017.10.13"]
[SourceQuality "1"]

1. e4 c5 2. Nf3 a6 3. c4 e6 4. Nc3 Nc6 5. d4 cxd4 6. Nxd4 Bb4 7. a3 Bxc3+ 8. bxc3 Qh4 9. Bd3 Ne5 10. 0-0 Nxd3 11. Qxd3 h6 12. f4 Qe7 13. a4 Qd8 14. Ba3 Ne7 15. f5 Nc6 16. Qg3 Rg8 17. Rad1 Qa5 18. fxe6 dxe6 19. Nxc6 bxc6 20. Qd6 Ra7 21. Qxc6+ Bd7 22. Qd6 Bxa4 23. Qb8+ 1-0

[Event "Mecklenburg VP LL2 Ost 1516"]
[Site "Mecklenburg VP"]
[Date "2016.01.17"]
[Round "5.7"]
[White "Nickel, Udo"]
[Black "Schwandowski, Udo"]
[Result "1/2-1/2"]
[WhiteElo "1662"]
[BlackElo "1522"]
[PlyCount "74"]
[EventDate "2015.09.20"]
[EventType "team-tourn"]
[EventRounds "9"]
[EventCountry "GER"]
[SourceTitle "EXT 2022"]
[Source "ChessBase"]
[SourceDate "2021.10.06"]
[SourceVersion "1"]
[SourceVersionDate "2021.10.06"]
[SourceQuality "1"]
[WhiteTeam "Waterkant Saal SV"]
[BlackTeam "Stralsund FHSG II"]
[WhiteTeamCountry "GER"]
[BlackTeamCountry "GER"]

1. d4 Nf6 2. c4 g6 3. Nc3 d5 4. Bf4 a6 5. e3 e6 6. Nf3 Be7 7. Bd3 Nc6 8. Bh6 Ng4 9. Bf4 0-0 10. h3 Nf6 11. 0-0 Re8 12. c5 b6 13. cxb6 cxb6 14. Rc1 Bb7 15. a3 Kg7 16. Na4 Nd7 17. b4 b5 18. Nc5 Nxc5 19. dxc5 f6 20. Nd4 Nxd4 21. exd4 f5 22. Re1 Bg5 23. Qf3 Bxf4 24. Qxf4 g5 25. Qe5+ Qf6 26. Re2 Qxe5 27. Rxe5 Kf6 28. Be2 Bc6 29. Bh5 Re7 30. Re3 a5 31. Rce1 axb4 32. axb4 Ra4 33. Rb1 Rea7 34. Reb3 Ra2 35. R1b2 Ra1+ 36. Kh2 Rc1 37. Be2 Raa1 1/2-1/2

[Event "MVP-ch Seniors op 15th"]
[Site "Binz"]
[Date "2015.11.26"]
[Round "3.77"]
[White "Schwandowski, Udo"]
[Black "Traut, Alexander"]
[Result "0-1"]
[WhiteElo "1508"]
[BlackElo "1286"]
[PlyCount "90"]
[EventDate "2015.11.24"]
[EventType "swiss"]
[EventRounds "9"]
[EventCountry "GER"]
[SourceTitle "EXT 2017"]
[Source "ChessBase"]
[SourceDate "2016.10.25"]
[SourceVersion "1"]
[SourceVersionDate "2016.10.25"]
[SourceQuality "1"]

1. d4 Nf6 2. Nf3 d5 3. e3 e6 4. Bd3 c5 5. b3 a6 6. 0-0 b5 7. dxc5 Bxc5 8. Bb2 0-0 9. Re1 Bb7 10. Nc3 Qc7 11. Ne2 Nbd7 12. Ng3 Rad8 13. Qc1 b4 14. c4 e5 15. e4 d4 16. Qg5 h6 17. Qd2 Nh7 18. Qe2 g6 19. Bc1 g5 20. h3 Nhf6 21. Nh2 Kh7 22. Nf5 Rg8 23. Rb1 Rg6 24. Qd1 Rdg8 25. Be2 Nxe4 26. Bb2 Nxf2 27. Kxf2 d3+ 28. Kf1 dxe2+ 29. Qxe2 e4 30. Rbd1 Qxh2 31. Bd4 Bxd4 32. Rxd4 Ne5 33. Rd6 e3 34. Qc2 Qh1+ 35. Ke2 Qxg2+ 36. Kd1 Qf3+ 37. Kc1 Be4 38. Nd4 Qf4 39. Ne2 Bxc2 40. Nxf4 gxf4 41. Rd5 Nd3+ 42. Rxd3 Bxd3 43. Kd1 e2+ 44. Kd2 Rd8 45. Kc1 f3 0-1

[Event "MVP-ch Seniors op 14th"]
[Site "Binz"]
[Date "2014.11.28"]
[Round "4"]
[White "Jung, Werner"]
[Black "Schwandowski, Udo"]
[Result "1-0"]
[WhiteElo "1857"]
[BlackElo "1491"]
[PlyCount "59"]
[EventDate "2014.11.25"]
[EventType "swiss"]
[EventRounds "9"]
[EventCountry "GER"]
[SourceTitle "EXT 2016"]
[Source "ChessBase"]
[SourceDate "2015.10.08"]
[SourceVersion "1"]
[SourceVersionDate "2015.10.08"]
[SourceQuality "1"]

1. e4 e6 2. d4 d5 3. Nd2 c5 4. Ngf3 dxe4 5. Nxe4 cxd4 6. Nxd4 a6 7. Bd3 Nf6 8. 0-0 Be7 9. c3 Nxe4 10. Bxe4 Bg5 11. Bxg5 Qxg5 12. Qf3 Qe7 13. Rfe1 0-0 14. Re3 Ra7 15. Qh5 g6 16. Qh6 Qf6 17. Rae1 Nd7 18. Bc2 Nb8 19. Rf3 Qg7 20. Qe3 Ra8 21. h4 h5 22. Rg3 Re8 23. Nf5 Qf8 24. Nh6+ Kh7 25. Nxf7 Qxf7 26. Bxg6+ Qxg6 27. Rxg6 Kxg6 28. Qg5+ Kf7 29. Re3 e5 30. Qxh5+ 1-0

[Event "MVP-ch Seniors op 13th"]
[Site "Binz"]
[Date "2013.12.01"]
[Round "5"]
[White "Minte, Horst"]
[Black "Schwandowski, Udo"]
[Result "1-0"]
[WhiteElo "1641"]
[BlackElo "1436"]
[PlyCount "149"]
[EventDate "2013.11.27"]
[EventType "swiss"]
[EventRounds "9"]
[EventCountry "GER"]
[SourceTitle "EXT 2015"]
[Source "ChessBase"]
[SourceDate "2014.11.20"]
[SourceVersion "1"]
[SourceVersionDate "2014.11.20"]
[SourceQuality "1"]

1. d4 e6 2. Bf4 d5 3. e3 Bd6 4. Bxd6 Qxd6 5. Bd3 Nf6 6. Nf3 Qb4+ 7. Nbd2 Qxb2 8. 0-0 Qa3 9. e4 dxe4 10. Nxe4 Nxe4 11. Bxe4 f5 12. Bd3 0-0 13. Re1 Nc6 14. Bc4 Qd6 15. c3 h6 16. Rb1 a6 17. Nh4 Kh7 18. Qh5 Ne7 19. Re3 g6 20. Qe2 Nd5 21. Bxd5 Qxd5 22. f4 b5 23. Nf3 Rf6 24. Re1 Bd7 25. Ne5 Bc8 26. Nd3 Kg7 27. Nc5 Kf7 28. Qf2 c6 29. Qh4 Kg7 30. Rh3 h5 31. Qg5 Kf7 32. Qh6 Kg8 33. Rxh5 gxh5 34. Qxf6 Ra7 35. Nxe6 Bxe6 36. Qxe6+ Qxe6 37. Rxe6 Kg7 38. Rxc6 a5 39. a3 Rb7 40. Rc5 Kf6 41. Kf2 b4 42. Rc6+ Kg7 43. cxb4 axb4 44. axb4 Rxb4 45. Rd6 Rb2+ 46. Kg3 Rb3+ 47. Kh4 Rb2 48. Kxh5 Rxg2 49. h3 Rg3 50. Kh4 Rf3 51. Kg5 Rxh3 52. Rd7+ Kf8 53. Kxf5 Ke8 54. Rg7 Kf8 55. Rc7 Rh5+ 56. Ke6 Rh6+ 57. Ke5 Ke8 58. f5 Rh3 59. d5 Re3+ 60. Kf6 Rd3 61. Rc5 Kd7 62. Kf7 Kd6 63. Rb5 Rc3 64. f6 Rg3 65. Kf8 Rg2 66. f7 Kd7 67. Ra5 Rg3 68. Ra6 Rg2 69. Re6 Rg3 70. Re7+ Kd8 71. d6 Rg2 72. Re6 Rg3 73. Rh6 Kd7 74. Rh7 Kxd6 75. Rg7 1-0

[Event "MVP-ch Seniors op 11th"]
[Site "Binz"]
[Date "2011.11.30"]
[Round "1.53"]
[White "Schnaitmann, Herbert"]
[Black "Schwandowski, Udo"]
[Result "1-0"]
[WhiteElo "1835"]
[BlackElo "1521"]
[PlyCount "41"]
[EventDate "2011.11.30"]
[EventType "swiss"]
[EventRounds "9"]
[EventCountry "GER"]
[SourceTitle "EXT 2013"]
[Source "ChessBase"]
[SourceDate "2012.11.22"]
[SourceVersion "1"]
[SourceVersionDate "2012.11.22"]
[SourceQuality "1"]

1. d4 e6 2. Nf3 c5 3. e3 cxd4 4. exd4 Nc6 5. c3 Nf6 6. Bd3 b6 7. Bg5 Be7 8. Qc2 h6 9. Bh4 a5 10. Qe2 Nd5 11. Bg3 Bf6 12. Bd6 Be7 13. Bg3 Bf6 14. Nbd2 Be7 15. Ne5 Nxe5 16. dxe5 0-0 17. Ne4 Bg5 18. Nxg5 Qxg5 19. 0-0 Nf4 20. Qe4 Nd5 21. Qh7# 1-0

[Event "Mecklenburg VP LL2 Ost 1011"]
[Site "Mecklenburg VP"]
[Date "2011.03.20"]
[Round "8.8"]
[White "Schwandowski, Udo"]
[Black "Floegel, Thomas"]
[Result "1/2-1/2"]
[WhiteElo "1431"]
[BlackElo "1484"]
[PlyCount "42"]
[EventDate "2010.10.10"]
[EventType "team-tourn"]
[EventRounds "9"]
[EventCountry "GER"]
[SourceTitle "EXT 2022"]
[Source "ChessBase"]
[SourceDate "2021.10.06"]
[SourceVersion "1"]
[SourceVersionDate "2021.10.06"]
[SourceQuality "1"]
[WhiteTeam "Stralsund FHSG II"]
[BlackTeam "Ribnitz Damgarten"]
[WhiteTeamCountry "GER"]
[BlackTeamCountry "GER"]

1. d4 e6 2. c4 d5 3. e3 Nf6 4. Nf3 c6 5. Nbd2 Nbd7 6. Bd3 Bd6 7. 0-0 e5 8. cxd5 Nxd5 9. Nc4 Qc7 10. Bf5 exd4 11. Nxd6+ Qxd6 12. Qxd4 Qf6 13. Bxd7+ Bxd7 14. Re1 0-0 15. Bd2 Rfd8 16. Qxf6 Nxf6 17. Red1 Bg4 18. Be1 Kf8 19. Rxd8+ Rxd8 20. Nd2 Nd5 21. a3 Be2 1/2-1/2

[Event "Mecklenburg VP LL2 Ost 1011"]
[Site "Mecklenburg VP"]
[Date "2011.02.27"]
[Round "7.8"]
[White "Zimmermann, Frank"]
[Black "Schwandowski, Udo"]
[Result "1/2-1/2"]
[WhiteElo "1481"]
[BlackElo "1431"]
[PlyCount "49"]
[EventDate "2010.10.10"]
[EventType "team-tourn"]
[EventRounds "9"]
[EventCountry "GER"]
[SourceTitle "EXT 2022"]
[Source "ChessBase"]
[SourceDate "2021.10.06"]
[SourceVersion "1"]
[SourceVersionDate "2021.10.06"]
[SourceQuality "1"]
[WhiteTeam "Wolgast Motor"]
[BlackTeam "Stralsund FHSG II"]
[WhiteTeamCountry "GER"]
[BlackTeamCountry "GER"]

1. e4 e6 2. d4 d5 3. exd5 exd5 4. Bd3 Bd6 5. Nf3 Nf6 6. 0-0 0-0 7. Bg5 Bg4 8. Nbd2 Nbd7 9. c3 c6 10. Qc2 h6 11. Bh4 Qc7 12. Bf5 Bxf5 13. Qxf5 Bf4 14. Bg3 Bxg3 15. fxg3 Rae8 16. Rae1 Rxe1 17. Rxe1 Re8 18. Rxe8+ Nxe8 19. Qf4 a6 20. Qe3 Qd8 21. Ne5 Qe7 22. Ndf3 f6 23. Ng4 Qxe3+ 24. Nxe3 g6 25. Kf2 1/2-1/2

[Event "Mecklenburg VP LL2 Ost 1011"]
[Site "Mecklenburg VP"]
[Date "2011.01.16"]
[Round "5.7"]
[White "Worm, Alfred"]
[Black "Schwandowski, Udo"]
[Result "0-1"]
[WhiteElo "1699"]
[BlackElo "1431"]
[PlyCount "136"]
[EventDate "2010.10.10"]
[EventType "team-tourn"]
[EventRounds "9"]
[EventCountry "GER"]
[SourceTitle "EXT 2022"]
[Source "ChessBase"]
[SourceDate "2021.10.06"]
[SourceVersion "1"]
[SourceVersionDate "2021.10.06"]
[SourceQuality "1"]
[WhiteTeam "Rostock SSC 07 III"]
[BlackTeam "Stralsund FHSG II"]
[WhiteTeamCountry "GER"]
[BlackTeamCountry "GER"]

1. e4 e6 2. d4 d5 3. Nc3 dxe4 4. Nxe4 Nd7 5. Nf3 Ngf6 6. Nxf6+ Nxf6 7. Be2 c5 8. 0-0 cxd4 9. Bb5+ Bd7 10. Nxd4 a6 11. Bxd7+ Qxd7 12. Re1 Be7 13. Bf4 0-0 14. Nf5 Bc5 15. Qxd7 Nxd7 16. Rad1 Nf6 17. Nd6 Bxd6 18. Bxd6 Rfd8 19. Be7 Rxd1 20. Rxd1 Nd5 21. Ba3 b5 22. c3 Rc8 23. Kf1 Rc6 24. Bb4 h5 25. Ba5 Kh7 26. Rd4 f5 27. g3 g5 28. Ke2 Kg6 29. Kd3 Nf6 30. f3 Rc5 31. c4 bxc4+ 32. Rxc4 Rxa5 33. a3 Rd5+ 34. Ke3 a5 35. Rc6 e5 36. Rc8 Rb5 37. Rc2 Rb3+ 38. Ke2 g4 39. f4 exf4 40. gxf4 Rh3 41. Ke1 Rf3 42. Rc4 Rb3 43. Rc2 Rb6 44. Rg2 Nd5 45. Rf2 Rc6 46. Kd2 Rc4 47. Kd3 Re4 48. Kc2 Nxf4 49. Rd2 Kg5 50. Kc3 Ne2+ 51. Kd3 Nf4+ 52. Kc3 Kh4 53. Rf2 Kh3 54. b4 Nd5+ 55. Kb3 axb4 56. Rxf5 Re3+ 57. Kc4 h4 58. Rxd5 bxa3 59. Rd2 Rf3 60. Kd4 Rb3 61. Ke4 g3 62. hxg3 hxg3 63. Rd8 a2 64. Rh8+ Kg2 65. Ra8 Rb2 66. Ke3 Kf1 67. Ra7 Rf2 68. Rh7 g2 0-1

[Event "Mecklenburg VP LL2 Ost 0910"]
[Site "Mecklenburg VP"]
[Date "2010.01.24"]
[Round "5.8"]
[White "Lotz, Robert"]
[Black "Schwandowski, Udo"]
[Result "1/2-1/2"]
[WhiteElo "1729"]
[BlackElo "1463"]
[PlyCount "98"]
[EventDate "2009.10.18"]
[EventType "team-tourn"]
[EventRounds "9"]
[EventCountry "GER"]
[SourceTitle "EXT 2016"]
[Source "ChessBase"]
[SourceDate "2015.10.08"]
[SourceVersion "1"]
[SourceVersionDate "2015.10.08"]
[SourceQuality "1"]
[WhiteTeam "Waren"]
[BlackTeam "Stralsund FHSG II"]
[WhiteTeamCountry "GER"]
[BlackTeamCountry "GER"]

1. e4 e6 2. d4 d5 3. e5 c5 4. c3 Nc6 5. Nf3 Nge7 6. Bb5 Qb6 7. a4 a5 8. dxc5 Qc7 9. Be3 Bd7 10. Bd4 Ng6 11. Bxc6 bxc6 12. 0-0 Be7 13. Qc2 Bc8 14. g3 Ba6 15. Re1 0-0 16. Nbd2 Rfb8 17. Rab1 Nf8 18. b4 Nd7 19. Rb3 Rb7 20. Reb1 Rab8 21. h4 Be2 22. Kg2 h6 23. g4 Qd8 24. Kg3 Bxf3 25. Nxf3 Nf8 26. b5 Nd7 27. bxc6 Rxb3 28. Rxb3 Nxc5 29. Bxc5 Bxc5 30. Qb2 Rxb3 31. Qxb3 Bb6 32. Qb5 Qc7 33. Kg2 Qa7 34. Nd4 Kf8 35. f4 Ke7 36. Kf3 g6 37. f5 g5 38. f6+ Kd8 39. hxg5 hxg5 40. Qd3 Bxd4 41. cxd4 Qb6 42. Qc3 Kc7 43. Qa3 Qb4 44. Qxb4 axb4 45. Ke3 Kxc6 46. Kd3 Kb6 47. Kc2 Ka6 48. Kb2 Kb6 49. Ka2 Ka6 1/2-1/2